| 000 | 00692nam a2200205 u 4500 | ||
|---|---|---|---|
| 005 | 20210223131255.0 | ||
| 008 | 100430s2008 es r 000 0 spa d | ||
| 020 | _a97884839320007 | ||
| 035 | _aUPN01000175643 | ||
| 049 | _aCG | ||
| 050 | 4 |
_aQ164 _bF4.5 |
|
| 100 | 1 |
_aFernández Panadero, Javier _930252 |
|
| 245 | 1 | 3 |
_aEl mundo de Max : _bla ciencia para todos / _cJavier Fernández Panadero ; il. de Olga Rienda Sevilla. |
| 260 |
_aMadrid : _bPáginas de Espuma, _c2008. |
||
| 300 |
_a187 p. : _bil. |
||
| 440 | 0 |
_aVoces / Ensayo ; _v90 |
|
| 650 | 4 |
_aCIENCIA - _xEXPERIMENTOS - _vLITERATURA JUVENIL _96316 |
|
| 650 | 4 |
_aPROYECTOS CIENTIFICOS - _vLITERATURA JUVENIL _913776 |
|
| 905 | _aLibro | ||
| 999 |
_c147746 _d147746 |
||